Welcome to the Holygrace Academy Library

Please use search bar below to get started

AFTER I DREAM (Record no. 2437)

MARC details
000 -LEADER
fixed length control field 00277nam a22001337a 4500
020 ## - INTERNATIONAL STANDARD BOOK NUMBER
ISBN 0-446-60654-5
082 ## - DEWEY DECIMAL CLASSIFICATION NUMBER
Classification number 823
Item number LEE/A
100 ## - MAIN ENTRY--AUTHOR NAME
Personal name LEE,RACHEL
245 ## - TITLE STATEMENT
Title AFTER I DREAM
260 ## - PUBLICATION, DISTRIBUTION, ETC. (IMPRINT)
Place of publication NEW YORK
Name of publisher WARNER BOOKS
300 ## - PHYSICAL DESCRIPTION
Number of Pages 372
650 ## - SUBJECT ADDED ENTRY--TOPICAL TERM
Topical Term NOVEL
Geographic subdivision NEW YORK
942 ## - ADDED ENTRY ELEMENTS (KOHA)
Koha item type Books
Holdings
Withdrawn status Lost status Collection code Home library Current library Shelving location Date acquired Source of acquisition Full call number Accession Number Koha item type
    Fiction Main Library Main Library SHELF-2-E ENGLIAH NOVEL TEACHERS 04/12/2009 PURCHASE 823 LEE/A 04902 Books